| 000 | 00690cab a2200217 4500 | ||
|---|---|---|---|
| 001 | ABS48568 | ||
| 008 | 090401t1993 xxu||||| |||| 00| 0 eng d | ||
| 035 | _a(Sirsi) u67386 | ||
| 041 | _aeng | ||
| 245 | _aElectronics industry | ||
| 260 | _c1993 | ||
| 350 | _a0 | ||
| 490 |
_aEstates Times _v14 May 1993, 9-17(9) |
||
| 520 | _aA survey on the electronics industry as occupiers of business space. Looks at the changing property requirements of the electronics market. Includes occupier profiles. | ||
| 650 | _aELECTRONICS INDUSTRY | ||
| 650 | _aHIGH TECHNOLOGY | ||
| 650 | _aOCCUPIERS REQUIREMENTS | ||
| 690 | _aPROPERTY-COMMERCIAL PROPERTY | ||
| 942 | _n0 | ||
| 948 | _c04/03/1997 | ||
| 999 |
_c42173 _d42173 |
||